Double C Words Quiz Stats

 Plays Quiz Updated Dec 6, 2018

     
Support Sporcle.
Go Orange.
Score 0/30 Timer 08:00
1 Play Today
Clue CC Word % Correct
Partner of Lennon, Harrison and StarrMcCartney
88.7%
Carlo Collodi's wooden boyPinocchio
66.6%
Instrument also known as a squeezeboxaccordion
65.8%
A half-sized flute, or Joanie Cunningham's friend JennyPiccolo
62.9%
Location of Fez and CasablancaMorocco
60%
Dish typically consisting primarily of corn and lima beans. 'Sufferin', according to Sylvester the cat.succotash
57.6%
Coating made of portland cement, sand and water, often applied to the exterior of Spanish-style homesstucco
57.6%
A form of modern witchcraftWicca
57.2%
A 17th century pirate, or a baller from Tampa BayBuccaneer
54.8%
Sound made by the spasmodic contraction of the diaphragm, again, and again...hiccup
50.9%
The human tailbonecoccyx
48.4%
Italian cousin of Lawn Bowling, played with 4 balls per team and a 'jack' or 'pallino'bocce
47.4%
After nursery items, the number one agricultural crop of North Carolinatobacco
47.3%
Location of the Grand Mosque which surrounds the KaabaMecca
45.5%
Italian mathematician or his famous sequence that starts 0, 1, 1, 2, 3Fibonacci
44.3%
Clue CC Word % Correct
This animal's fur was used for trendy coats in the 1920's and hats in the 1950'sraccoon
41.8%
Candy maker or its namesake candy WafersNecco
38.7%
He portrayed 'The Karate Kid'Ralph Macchio
36.9%
Initials formerly seen on the jerseys of Soviet Union athletesCCCP
34.2%
Italian composer of such operas as Tosca and Madama ButterflyGiacomo Puccini
33.7%
Artificial sweetener, benzoic sulfimide, often found in pink 'sugar' packetsSaccharin
32.2%
Harry Potter's summoning charm, from the Latin for 'I call'accio
31.7%
Has played All My Children's Erica Kane, basically, foreverSusan Lucci
30.3%
Capital of GhanaAccra
30.2%
James Bond's Monte Carlo game. Banco!baccarat
29.3%
Shopping area in London's West End, comparable in a way to Times SquarePiccadilly Circus
26.5%
Desert climate plant noted for sword-shaped leaves and white flowersyucca
23.2%
A Mediterranean wind or, with alternate spelling, a model of VolkswagenScirocco
18%
Secret or hidden, mystical knowledgeoccult
14.5%
1970-77 TV series in which Dennis Weaver portrayed a New Mexico marshall on assignment in New YorkMcCloud
12.7%

From the Vault

Sports... by Atari Games

by bareodin2

Sports 2m
Not going to be qualifying for the Atari Olympics anytime soon, but we're doing our best.
Remove Ads.
Support Sporcle.
Get the best of Sporcle when you Go Orange. This ad-free experience offers more features, more stats, and more fun while also helping to support Sporcle. Thank you for becoming a member.

Show Comments

Extras

Top Quizzes Today


Score Distribution

Your Account Isn't Verified!

In order to create a playlist on Sporcle, you need to verify the email address you used during registration. Go to your Sporcle Settings to finish the process.

Report this User

Report this user for behavior that violates our Community Guidelines.

Details: